000
00310 a2200121 4500
000
nam a22 7a 4500
005
20260209094237.0
020
_a
9788119133154
100
_a
Shiv Murat Singh
_9
1114417
245
_a
Vartman Natyashastra Ka Vishleshan
260
_b
Rajkamal Prakashan
_c
2024
942
_c
TEXL
999
_c
1678961
_d
1678961